000 00502nam a2200169Ia 4500
999 _c29499
_d29499
003 OSt
005 20201209134312.0
008 190216s9999||||xx |||||||||||||| ||und||
040 _coclc
082 _a894.8124
_bPIL/T
100 _aPillai, Thakazhi Shivashankara
_9418
245 0 _aThirakkinidayil /
_cThakazhi Shivashankara Pillai
260 _bSaindhava Books,
_aKollam:
_c2009.
300 _a88p
650 _aLekhanam
942 _cBK
_2ddc
_h894.8124
_iPIL/T
_k894.8124
_mPIL/T